Normal view
MARC view
- Sound
Entry Topical Term
001 - CONTROL NUMBER
- control field: 14809
003 - CONTROL NUMBER IDENTIFIER
- control field: NUST
005 - DATE AND TIME OF LATEST TRANSACTION
- control field: 20190613102018.0
008 - FIXED-LENGTH DATA ELEMENTS
- fixed length control field: 190613|| aca||aabn | a|a d
040 ## - CATALOGING SOURCE
- Original cataloging agency: NUST
- Transcribing agency: NUST
150 ## - HEADING--TOPICAL TERM
- Topical term or geographic name entry element: Sound
- General subdivision: Recording and reproducing.
670 ## - SOURCE DATA FOUND
- Source citation: Work cat.: (NUST)0: Alten, Stanley R. 14808, Recording and producing audio for media /, c2012.
